Statistiken für Pokemon Attacken der 7. Generation

Klicken Sie hier um das Quiz zu spielen!

Allgemein

  • Dieses Quiz wurde 24 mal gespielt
    (21 seit der letzten Aktualisierung)
  • Das Durchschnittsergebnis liegt bei 36 aus 65

Antwortstatistiken

TypAttacke% Korrekt
GeistDiebesschatten
88%
ElektroPlasmafäuste
88%
PsychoPrisma-Laser
88%
FlugSchnabelkanone
88%
DracheSchuppenrasseln
88%
StahlStahlgestirn
88%
StahlAnkerschuss
75%
GiftBunker
75%
UnlichtDark Lariat
75%
DracheDrachenhammer
75%
EisEishammer
75%
ElektroElektropikser
75%
FeeFlorakur
75%
FeeKanonenbouquet
75%
FeuerPanzerfalle
75%
BodenPferdestärke
75%
PsychoPhotonen-Geysir
75%
PsychoPsychobeißer
75%
BodenSandsammler
75%
KäferÜberrumpler
75%
WasserAquadurchstoß
63%
EisAuroraschleier
63%
PflanzeBlattwerk
63%
Unlicht
Neck Strike
63%
FeuerFeuerpeitsche
63%
FeuerKnallkopf
63%
GiftLäuterung
63%
KäferPollenknödel
63%
GeistSchattenfessel
63%
GeistSchattenknochen
63%
GeistSchattenstrahl
63%
WasserSchaumserenade
63%
PflanzeTropenkick
63%
GesteinTurbofelsen
63%
KäferAnfallen
50%
Normal
Multi-Angriff
50%
BodenFruststampfer
50%
GiftGiftfaden
50%
StahlPanzerfäuste
50%
StahlSchmalhorn
50%
PflanzeSolarklinge
50%
UnlichtÜberheblichkeit
50%
NormalWecktanz
50%
WasserBlubbsauger
38%
FeuerFlackerbrand
38%
FeeGlitzersturm
38%
StahlHilfsmechanik
38%
EisKlirrfrost
38%
ElektroKnisterladung
38%
PsychoKommando
38%
WasserPlätschersurfer
38%
PsychoPsychofeld
38%
UnlichtQuälzone
38%
NormalRampenlicht
38%
FlugSchwebesturz
38%
PflanzeSprießbomben
38%
NormalTränendrüse
38%
UnlichtWirbler
38%
FeuerAusbrennen
25%
ElektroBritzelturbo
25%
PsychoInitiativetausch
25%
PflanzeKraftabsorber
25%
PsychoPulsieraura
25%
DracheSanktionskern
25%
NormalKonzentration
13%

Verteilung der Resultate

Perzentil nach korrekt beantworteten Fragen

Anzahl Personen mit jedem Resultat

Ihre Resultats-Entwicklung

Sie haben dieses Quiz seit der letzten Aktualisierung nicht gespielt